| 000 | 00580nam a2200241 a 4500 | ||
|---|---|---|---|
| 001 | nice12345678 | ||
| 003 | IN_TiNIC | ||
| 005 | 20260116012240.0 | ||
| 008 | 050524s1954 lona grp 000 0 eng | ||
| 020 |
_a _c165.6 |
||
| 082 | 0 | 0 |
_a291.82 _bBOU |
| 100 | _aBouquet, A C | ||
| 245 | _aSacred Books of the World | ||
| 260 |
_aLondon _bPenguin Book _c1954 |
||
| 300 | _a343p | ||
| 500 | _aincludes index and biblioraphy | ||
| 505 | 2 | _aIndexes | |
| 650 | _aComparative Religion-Scriptures | ||
| 700 | 1 | _aBouquet, A C | |
| 902 | _bSRS | ||
| 942 | _cBK | ||
| 999 |
_c6234 _d6234 |
||